Keyboard Layouts by Country Quiz - Statistics

General Stats
  • This quiz has been taken 33 times
  • The average score is 2 of 7
Answer Stats
Country Keyboard % Correct
United Kingdom QWERTY
100%
France AZERTY
73%
Austria QWERTZ
40%
Turkmenistan ÄWERTY
13%
Azerbaijan QÜERTY
13%
Russia JCUKEN
7%
Latvia ÜGJRMV
0%
No matching quizzes found
Score Distribution
Percent of People with Each Score
Percentile by Number Answered
Your Score History
You have not taken this quiz